Klady a zápory práce z domova

Niektoré pozitíva a negatíva práce z domu. Tzv. pyžamoví pracovníci a ich pracovný režim. Prítomnosť rodiny a ďalšie rušivé vplyvy. Pre ktorých pracovníkov je práca z domu nevhodná.

Gespeichert in:
Bibliographische Detailangaben
1. Verfasser: Bartovská, Ilona
Format: Buchkapitel
Sprache:Tschechisch
Schlagworte:
Tags: Tag hinzufügen
Keine Tags, Fügen Sie das erste Tag hinzu!

MARC

LEADER 00000naa a2200000 4500
001 0240717
005 20180227135803.1
041 0 |a cze 
044 |a CZ 
245 1 0 |a Klady a zápory práce z domova  |c Ilona Bartovská 
520 |a Niektoré pozitíva a negatíva práce z domu. Tzv. pyžamoví pracovníci a ich pracovný režim. Prítomnosť rodiny a ďalšie rušivé vplyvy. Pre ktorých pracovníkov je práca z domu nevhodná. 
610 2 0 |a práca z domu 
610 2 0 |a flexibilita 
610 2 0 |a čas pracovný 
610 2 0 |a prostredie pracovné 
610 2 0 |a zamestnanci 
100 1 |a Bartovská, Ilona